Central Library OPAC University of Rajshahi
Normal view MARC view

Entry Personal Name

Number of records used in: 1

001 - CONTROL NUMBER

  • control field: 2583

003 - CONTROL NUMBER IDENTIFIER

  • control field: BD-RjUL

005 - DATE AND TIME OF LATEST TRANSACTION

  • control field: 20220419132630.0

008 - FIXED-LENGTH DATA ELEMENTS

  • fixed length control field: 220419|| aca||aabn | a|a d

040 ## - CATALOGING SOURCE

  • Original cataloging agency: BD-RjUL
  • Transcribing agency: BD-RjUL

100 ## - HEADING--PERSONAL NAME

  • Personal name: ʿAbd al-Mawjūd, ʿĀdil Aḥmad

670 ## - SOURCE DATA FOUND

  • Source citation: Work cat.: (BD-RjUL)79731: Zamakhsharī, Maḥmūd ibn ʿUmar, 1075-1144. 2581, al-Kashshāf ʿan ḥaqāʼiq ghawāmiḍ al-tanzīl wa-ʿuyūn al-aqāwīl fī wujūh al-taʼwīl /, 1998.